| 000 | 00634nam a2200217 4500 | ||
|---|---|---|---|
| 001 | 144895 | ||
| 003 | ES-MaACL | ||
| 005 | 20250927162919.0 | ||
| 007 | t| | ||
| 008 | 070214s1973 sp r ||||1| spa d | ||
| 080 | _a634.771 | ||
| 100 | 1 |
_aSimmonds, N. W. _9106485 |
|
| 245 | 1 | 4 |
_aLos plátanos / _cN. W. Simmonds ; versión de Esteban Riambau. |
| 250 | _a1ª. ed. | ||
| 260 |
_aBarcelona : _bBlume, _c1973. |
||
| 300 |
_a539 p., 24 lám. : _bil. ; _c25 cm. |
||
| 650 | 4 |
_aPlataneras- _xCultivo. _9145995 |
|
| 700 | 1 |
_aRiambau, Esteve, _d1925-1994 _9156353 |
|
| 852 |
_aES-MaACL _jC-55558 _bR.88224 |
||
| 999 |
_c144895 _d144895 |
||